| 000 | 00957nam a22002657a 4500 | ||
|---|---|---|---|
| 999 |
_c20834 _d20834 |
||
| 005 | 20200211111024.0 | ||
| 008 | 200211b xxu||||| |||| 00| 0 spa d | ||
| 020 | _a2831705800 | ||
| 040 |
_aCO-BoIAVH _cCO-BoIAVH |
||
| 041 | _aspa | ||
| 044 | _axxu | ||
| 082 |
_a597.928 _bE19t |
||
| 100 | _aEckert, Karen Lind | ||
| 245 |
_aTécnicas de investigación y manejo para la conservación de las tortugas marinas _cKaren L Eckert y otros editores |
||
| 260 |
_aUSA: _bMarine Turtle Specialist Group, _c2000. |
||
| 300 |
_a278 páginas, _bIlustraciones blanco y negro _c27.7 x 21.6 cm |
||
| 500 | _aPublicación N° 4 | ||
| 650 | 0 | _aTortugas marinas | |
| 650 | 0 | _aConservación de especies | |
| 650 | 0 |
_aBiología de una especie _xTortugas marinas |
|
| 700 |
_aBjorndal, Karen A. _eEditora |
||
| 700 |
_aAbreu-Grobois, F. Alberto _eEditor |
||
| 700 |
_aDonnelly, Marydele _eEditora |
||
| 942 |
_2ddc _cLIBRO |
||